US Capitals by Five Letters Quiz Stats

 Plays Quiz Updated Jul 15, 2017

Support Sporcle.
Go Orange.
Score 0/50 Timer 07:00
4 Plays Today
% Correct
Austin
85.7%
Honolulu
84.7%
Juneau
83.2%
Atlanta
82.6%
Boise
82.1%
Albany
82%
Tallahassee
81.8%
Denver
81.8%
Boston
81.3%
Olympia
81.1%
Columbus
80.9%
Indianapolis
80.7%
Phoenix
80.6%
Helena
78.5%
Carson City
78.3%
Topeka
78.2%
Raleigh
78.2%
Salem
78.1%
Richmond
77.8%
Cheyenne
77.7%
Sacramento
77.4%
Montgomery
77.2%
Little Rock
77%
Santa Fe
76.8%
Providence
76.7%
% Correct
Madison
76.6%
Jackson
76.5%
Harrisburg
76.4%
Lincoln
76.1%
Bismarck
76%
Des Moines
76%
Hartford
75.5%
Augusta
74.9%
Frankfort
74.7%
Dover
74.1%
Pierre
73.5%
Springfield
73.5%
Montpelier
73.3%
Saint Paul
72.8%
Lansing
71.9%
Columbia
71.2%
Oklahoma City
71.2%
Concord
70.4%
Jefferson City
70.3%
Nashville
69.6%
Baton Rouge
65%
Annapolis
64.9%
Charleston
64.6%
Trenton
58%
Salt Lake City
56.3%

You're not logged in!

Compare scores with friends on all Sporcle quizzes.
OR
Log In
Forgot?

From the Vault

Landmarks: Asia or Europe?

by ChargingTiger

Oh the places you'll go! Just make sure you know which continent you're going to.
Remove Ads.
Support Sporcle.
Get the best of Sporcle when you Go Orange. This ad-free experience offers more features, more stats, and more fun while also helping to support Sporcle. Thank you for becoming a member.

Show Comments

Extras

Top Quizzes Today


Score Distribution

Your Account Isn't Verified!

In order to create a playlist on Sporcle, you need to verify the email address you used during registration. Go to your Sporcle Settings to finish the process.

Report this User

Report this user for behavior that violates our Community Guidelines.

Details: